| 000 | 00512nam a22001697a 4500 | ||
|---|---|---|---|
| 999 |
_c9081 _d9081 |
||
| 008 | 210322b ||||| |||| 00| 0 eng d | ||
| 040 | _aBMS College of Architecture | ||
| 100 | _aV, Shajil | ||
| 245 | _aArtha Grama - The sculptor's village | ||
| 300 | _a78p. | ||
| 500 | _a1BM06AT034 | ||
| 502 |
_8B.Arch _NBMS College of Architecture, Visvesvaraya Technological University _aProject report _d2012 |
||
| 650 | _aVillage | ||
| 700 |
_aShobha M N _eGuide |
||
| 700 |
_aK R Madhu Chand _eGuide |
||
| 942 |
_2ddc _cTHE |
||